| 000 | 02485nam a2200457 a 4500 | ||
|---|---|---|---|
| 005 | 20240429131756.0 | ||
| 008 | 100916s2011||||sp a f |||| 001 0 spa d | ||
| 020 | _a9788480867283 | ||
| 041 | _aspa | ||
| 092 |
_c362.1 _l51 _sMAR |
||
| 100 | 1 |
_aMartín Zurro, A. _91479 _q(Amando) |
|
| 245 |
_aAtención Familiar y Salud Comunitaria. _bConceptos y materiales para docentes y estudiantes / _cA. Martín Zurro |
||
| 250 | _a1a ed. | ||
| 260 |
_aBarcelona: _bElsevier; _c2011. |
||
| 300 | _a455 p. | ||
| 500 | _aMartín Zurro, A. y Jodar Solá, G. (Col.). (2011). Atención Familiar y Salud Comunitaria. Conceptos y materiales para docentes y estudiantes. (1a ed.). Barcelona : Elsevier. | ||
| 653 | _aAtención primaria de la salud y atención familiar y comunitaria | ||
| 653 | _aEnfoque personal y familiar en atención primaria de salud | ||
| 653 | _aCiudadanos y pacientes | ||
| 653 | _aPromoción de la salud y prevención de la enfermedad. Conceptos esenciales | ||
| 653 | _aSalud comunitaria y atención primaria orientada a la comunidad | ||
| 653 | _aDeterminantes sociales de la salud y su influencia en la atención sanitaria | ||
| 653 | _aIntersectorialidad y transversalidad de la atención de la salud | ||
| 653 | _aCentro y equipo de salud. Conceptos y ámbitos de actuación | ||
| 653 | _aProfesionales de atencion familiar y comunitaria: competencias, tareas y relación con otros profesionales de referencia | ||
| 653 | _aAnálisis de la situación y necesidades de salud de la población | ||
| 653 | _aEntrevista clínica y relación asistencial | ||
| 653 | _aEstrategias y herramientas de promoción de la salud | ||
| 653 | _aTécnicas y procedimientos para el diagnóstico y el tratamiento | ||
| 653 | _aTecnologías de la información y de la comunicación en salud | ||
| 653 | _aPrevención de los principales problemas de salud | ||
| 653 | _aAtención clínica personal: problemas de salud de larga duracion o crónicos | ||
| 653 | _aAtención a personas con enfermedades crónicas complejas y frágiles | ||
| 653 | _aIntervención sobre los problemas de salud desde la perspectiva familiar | ||
| 653 | _aProgramas de salud comunitaria | ||
| 653 | _aAtención familiar y comunitaria basada en las pruebas científicas | ||
| 653 | _aFormación y docencia en atención familiar y salud comunitaria | ||
| 653 | _aInvestigación en atención familiar y comunitaria | ||
| 700 | 1 |
_aJodar Solá, Gloria _92568 |
|
| 942 |
_2ddc _cBK |
||
| 999 |
_c1602 _d1602 |
||